| 000 | 00468nam a2200193Ia 4500 | ||
|---|---|---|---|
| 008 | 151121s9999||||xx |||||||||||||| ||und|| | ||
| 082 | _a823/Gai | ||
| 082 | _bHNW-38372 | ||
| 100 | _aGainham Sarah | ||
| 245 | 2 | _aA place In the country | |
| 260 | _b"Weiden feld , London" | ||
| 260 | _c-- | ||
| 300 | _a366 | ||
| 600 | _aGainham Sarah | ||
| 630 | _aA place In the country | ||
| 700 | _aGainham Sarah | ||
| 730 | _aA place In the country | ||
| 942 | _cBOOK | ||
| 999 |
_c1229227 _d1229224 |
||